00421nam a2200157Ia 4500008004100000020001400041040001900055041001200074082002300086100001800109245004600127260003300173300002100206650002000227850001600247131103s9999 xx 000 0 und d a684843137 aLoreto College aEnglish aF/MCCbLCBED/12438 aMcCourt,Frank aAngela's Ashesb a memoir cFrank McCourt aNew YorkbA Touchstonec1996 a459 p. c 17 cm. aEnglish fiction aLCBED/F/MCC